000
00271nam a22001217a 4500
008
180222b xxu||||| |||| 00| 0 eng d
041
_a
eng
080
_a
62
100
_a
27
101
_a
IM
245
_a
Energy activities for the classroom
_c
Coon,H.L
942
_2
udc
_c
BK
999
_c
43089
_d
43089